000
003230000a22001450004500
003
MACL
040
_a
MACL
090
_c
33760
_d
33758
100
_a
Fuller, Scott
245
_a
Learn Windows 95 in a Day
260
_b
BPB Publications
_c
1996
350
_a
45
650
_a
Computer Programming
942
_c
BOOK
_k
005.368/FUL
999
_c
33408
_d
33408